[Event "C.to Mondiale U14 femminile"]
[Site "Antalya TUR"]
[Date "2009.11.22"]
[Round "11"]
[White "Movileanu, Daniela"]
[Black "Rahimli, Izzat Rauf Qizi"]
[Result "1-0"]
[WhiteElo "1825"]
[BlackElo "1871"]
[PlyCount "38"]
[EventDate "2009.11.12"]

1. e4 c5 2. Nf3 d6 3. Bb5+ Nc6 4. O-O Nf6 5. Re1 Bg4 6. Nc3 e6 7. d3 Be7 8. Bg5
a6 9. Bxc6+ bxc6 10. e5 dxe5 11. Rxe5 Bd6 12. Re1 Qc7 13. h3 Bh5 14. Bxf6 gxf6
15. Ne4 f5 16. Nf6+ Ke7 17. Nxh5 Rhg8 18. d4 Rg6 19. dxc5 Bxc5 1-0

[Event "C.to Mondiale U16"]
[Site "Antalya TUR"]
[Date "2009.11.13"]
[Round "2"]
[White "Udeshi, Aditya"]
[Black "Testa, Adriano"]
[Result "1-0"]
[WhiteElo "2330"]
[BlackElo "2175"]
[PlyCount "37"]
[EventDate "2009.11.12"]

1. e4 c6 2. d4 d5 3. e5 Bf5 4. Be3 e6 5. Nd2 h6 6. Be2 Ne7 7. Ngf3 Bh7 8. g4
Nd7 9. O-O c5 10. c4 dxc4 11. Bxc4 Nc6 12. d5 exd5 13. Bxd5 Ndxe5 14. Qb3 Qb6
15. Nxe5 Nxe5 16. Qa4+ Nd7 17. Nc4 Qc7 18. Rfe1 O-O-O 19. Qxa7 1-0

[Event "C.to Mondiale U16"]
[Site "Antalya TUR"]
[Date "2009.11.14"]
[Round "3"]
[White "Testa, Adriano"]
[Black "Stamboltsyan, Sargis"]
[Result "1-0"]
[WhiteElo "2175"]
[BlackElo "2057"]
[PlyCount "47"]
[EventDate "2009.11.12"]

1. e4 c5 2. Nf3 e6 3. d3 Nc6 4. g3 g6 5. Bg2 Bg7 6. O-O Nge7 7. Re1 d6 8. c3
O-O 9. Nbd2 Rb8 10. a4 a6 11. Nb3 b5 12. axb5 axb5 13. d4 c4 14. Nbd2 Na5 15.
b4 e5 16. dxe5 dxe5 17. Nf1 Nb3 18. Qxd8 Rxd8 19. Ra7 Nc6 20. Rc7 Nxc1 21. Rxc1
Bd7 22. Ne3 Bh6 23. Rd1 Bxe3 24. Rdxd7 1-0

[Event "C.to Mondiale U16"]
[Site "Antalya TUR"]
[Date "2009.11.15"]
[Round "4"]
[White "Zelbel, Patrick"]
[Black "Testa, Adriano"]
[Result "1/2-1/2"]
[WhiteElo "2354"]
[BlackElo "2175"]
[PlyCount "87"]
[EventDate "2009.11.12"]

1. d4 d5 2. c4 c6 3. Nf3 Nf6 4. Nc3 dxc4 5. a4 Na6 6. e3 Bg4 7. Bxc4 e6 8. h3
Bh5 9. g4 Bg6 10. Ne5 Nb4 11. O-O Be7 12. Qe2 O-O 13. Rd1 c5 14. h4 Nd7 15. h5
Bc2 16. Rd2 cxd4 17. Nxd7 Qxd7 18. Rxd4 Qc6 19. e4 Rfd8 20. Bb5 Rxd4 21. Bxc6
Bd3 22. Qf3 Nxc6 23. Be3 Rd7 24. Rd1 Rad8 25. Qg3 Bf6 26. h6 g6 27. Bf4 Bxc3
28. bxc3 Bxe4 29. Rxd7 Rxd7 30. Bd6 e5 31. Qe3 Rxd6 32. Qxe4 Kf8 33. Kg2 Ke7
34. f4 Re6 35. f5 gxf5 36. Qxf5 Rxh6 37. a5 Re6 38. Qg5+ Kd7 39. Qd2+ Ke7 40.
Qb2 Nd8 41. Kf3 e4+ 42. Ke3 b6 43. Qb4+ Kd7 44. Qb5+ 1/2-1/2

[Event "C.to Mondiale U16"]
[Site "Antalya TUR"]
[Date "2009.11.16"]
[Round "5"]
[White "Testa, Adriano"]
[Black "Kovalev, Vladislav"]
[Result "1/2-1/2"]
[WhiteElo "2175"]
[BlackElo "2349"]
[PlyCount "20"]
[EventDate "2009.11.12"]

1. e4 e5 2. Nf3 Nc6 3. Bc4 Bc5 4. O-O Nf6 5. d4 exd4 6. e5 d5 7. exf6 dxc4 8.
fxg7 Rg8 9. Re1+ Ne7 10. Bg5 Be6 1/2-1/2

[Event "C.to Mondiale U16"]
[Site "Antalya TUR"]
[Date "2009.11.16"]
[Round "6"]
[White "Raznikov, Danny"]
[Black "Testa, Adriano"]
[Result "1-0"]
[WhiteElo "2290"]
[BlackElo "2175"]
[PlyCount "107"]
[EventDate "2009.11.12"]

1. d4 d5 2. c4 c6 3. Nf3 Nf6 4. e3 Bf5 5. Nc3 e6 6. Nh4 Be4 7. f3 Bg6 8. Qb3
Qc7 9. Bd2 Be7 10. Nxg6 hxg6 11. g3 Nbd7 12. cxd5 exd5 13. O-O-O Rc8 14. Kb1
Qb6 15. Qa4 O-O 16. g4 Qc7 17. g5 Nh5 18. f4 b5 19. Qc2 b4 20. Na4 c5 21. Nxc5
Nxc5 22. dxc5 Qxc5 23. Qxc5 Bxc5 24. Bh3 Rcd8 25. Rc1 Bd6 26. Rc6 Rfe8 27. Rf1
d4 28. Rf3 dxe3 29. Bxe3 Re4 30. f5 Bf4 31. Bxf4 Nxf4 32. fxg6 Nxg6 33. Bf5 Re7
34. Bxg6 fxg6 35. a3 Re5 36. h4 Re4 37. Rc7 Rxh4 38. Rxa7 bxa3 39. Rfxa3 Rb4
40. Ra8 Rxa8 41. Rxa8+ Kf7 42. Ra5 Rf4 43. Kc2 Rf5 44. b4 Rf3 45. Ra7+ Kg8 46.
b5 Rf5 47. b6 Rb5 48. b7 Kh7 49. Kc3 Rb1 50. Kc4 Rc1+ 51. Kd5 Rd1+ 52. Kc6 Rc1+
53. Kd7 Rb1 54. Kc8 1-0

[Event "C.to Mondiale U16"]
[Site "Antalya TUR"]
[Date "2009.11.18"]
[Round "7"]
[White "Testa, Adriano"]
[Black "Komut, Burak"]
[Result "1-0"]
[WhiteElo "2175"]
[BlackElo "1931"]
[PlyCount "47"]
[EventDate "2009.11.12"]

1. e4 e5 2. Nf3 Nc6 3. Bc4 Nf6 4. d3 Bc5 5. c3 a6 6. h3 d6 7. Bb3 Ba7 8. Nbd2
O-O 9. O-O Be6 10. Re1 Re8 11. Nh2 d5 12. Qf3 Qd7 13. Ndf1 dxe4 14. dxe4 Bxb3
15. axb3 Qe6 16. b4 Ne7 17. Ng3 Nd7 18. Ng4 f6 19. Nf5 Nf8 20. h4 c6 21. h5
Nxf5 22. exf5 Qd5 23. Qg3 Qf7 24. Nh6+ 1-0

[Event "C.to Mondiale U16"]
[Site "Antalya TUR"]
[Date "2009.11.19"]
[Round "8"]
[White "Testa, Adriano"]
[Black "Dragomirescu, Robin-Alexandru"]
[Result "0-1"]
[WhiteElo "2175"]
[BlackElo "2348"]
[PlyCount "170"]
[EventDate "2009.11.12"]

1. e4 c5 2. Nf3 e6 3. d3 Nc6 4. g3 g6 5. Bg2 Bg7 6. O-O Nge7 7. c3 O-O 8. d4 d5
9. e5 Qb6 10. b3 cxd4 11. cxd4 f6 12. Bb2 fxe5 13. dxe5 Rxf3 14. Qxf3 Nxe5 15.
Qe2 N7c6 16. Nc3 Nd4 17. Qd1 Nec6 18. Kh1 Bd7 19. Ne2 a5 20. Nxd4 Nxd4 21. Qd2
a4 22. Rad1 Nf5 23. Bxg7 Kxg7 24. g4 Nh4 25. Qg5 Nxg2 26. Qe7+ Kg8 27. Kxg2 Bb5
28. Rfe1 Re8 29. Qf6 axb3 30. axb3 Qd6 31. Re3 Bc6 32. Rd4 Qd7 33. h3 Qf7 34.
Qe5 Qg7 35. Qxg7+ Kxg7 36. f4 Kf6 37. Kg3 Ra8 38. Rd2 Ra1 39. Rde2 Bd7 40. Rd2
Bc6 41. Rde2 Bd7 42. Re1 Ra2 43. R3e2 Ra3 44. Rb2 Bc6 45. g5+ Ke7 46. Kf2 Kd6
47. h4 Bb5 48. Ke3 Ra8 49. Kd4 Rf8 50. Rf2 h5 51. gxh6 Rh8 52. Re5 Rxh6 53. Rh2
Be8 54. Re1 Rh5 55. Re5 Rh6 56. Rh1 Bd7 57. h5 Be8 58. Rhe1 gxh5 59. f5 Bd7 60.
Rh1 h4 61. Rh3 b6 62. Rf3 h3 63. f6 Rh4+ 64. Kd3 Kxe5 65. f7 Rh8 66. f8=Q Rxf8
67. Rxf8 Kd6 68. Rh8 e5 69. b4 Bf5+ 70. Kc3 d4+ 71. Kc4 Be6+ 72. Kd3 b5 73. Rh6
Kd5 74. Rh5 Bg4 75. Rh4 e4+ 76. Kd2 Bf5 77. Rh5 Ke5 78. Rh4 Kf6 79. Ke2 Kg5 80.
Rh8 Kf4 81. Kf2 e3+ 82. Kg1 Kg3 83. Rg8+ Bg4 84. Kf1 h2 85. Rh8 d3 0-1

[Event "C.to Mondiale U16"]
[Site "Antalya TUR"]
[Date "2009.11.20"]
[Round "9"]
[White "Tan, Justin"]
[Black "Testa, Adriano"]
[Result "1-0"]
[WhiteElo "2011"]
[BlackElo "2175"]
[PlyCount "65"]
[EventDate "2009.11.12"]

1. e4 c6 2. d4 d5 3. Nc3 dxe4 4. Nxe4 Nd7 5. Ng5 Ngf6 6. Bd3 e6 7. N1f3 Bd6 8.
Qe2 h6 9. Ne4 Nxe4 10. Qxe4 Nf6 11. Qe2 Qc7 12. Bd2 b6 13. O-O-O Bb7 14. Ne5 c5
15. Bb5+ Ke7 16. Bf4 Nd5 17. Bg3 cxd4 18. Rhe1 Rhd8 19. Rxd4 Kf8 20. Rc4 Qe7
21. Bh4 g5 22. Qh5 Qf6 23. Bg3 Bxe5 24. Bxe5 Qg6 25. Qxg6 fxg6 26. Bc7 Rdc8 27.
Bd6+ Kg7 28. Rxe6 Kf7 29. Rce4 a6 30. Bd3 Bc6 31. Re1 Rg8 32. c4 Nf4 33. Bxf4
1-0

[Event "C.to Mondiale U16"]
[Site "Antalya TUR"]
[Date "2009.11.21"]
[Round "10"]
[White "Nader, Mohamed"]
[Black "Testa, Adriano"]
[Result "1/2-1/2"]
[WhiteElo "2040"]
[BlackElo "2175"]
[PlyCount "118"]
[EventDate "2009.11.12"]

1. d4 d5 2. Nf3 Nf6 3. e3 c5 4. c3 Nbd7 5. Bd3 g6 6. Nbd2 Bg7 7. O-O O-O 8. e4
dxe4 9. Nxe4 Nxe4 10. Bxe4 cxd4 11. Nxd4 e5 12. Nb5 Nc5 13. Bc2 Qb6 14. Qe2 a6
15. Na3 Be6 16. Be3 Qc6 17. Nc4 b5 18. Na5 Qc7 19. Bxc5 Qxc5 20. Nb3 Qc7 21.
Rfd1 Qb6 22. Nd2 Rfd8 23. Ne4 Bc4 24. Bd3 Rxd3 25. Rxd3 f5 26. Nd2 Bxd3 27.
Qxd3 Rd8 28. Qc2 Qd6 29. Nf3 Bf6 30. Qb3+ Qd5 31. Rd1 Qxb3 32. Rxd8+ Bxd8 33.
axb3 Bf6 34. Ne1 e4 35. Nc2 Kf7 36. Nb4 a5 37. Nc6 b4 38. cxb4 axb4 39. Nxb4
Bxb2 40. Kf1 Ke6 41. Ke2 Ba3 42. Nc2 Bd6 43. g3 h5 44. h4 Kd5 45. Ke3 Bc5+ 46.
Ke2 Ke5 47. f3 f4 48. gxf4+ Kxf4 49. fxe4 Kxe4 50. Ne1 Be7 51. Nf3 Bf6 52. b4
Be7 53. b5 Bd8 54. Kf2 Kf4 55. Kg2 Bb6 56. Ng5 Kg4 57. Nf3 Kf5 58. Kh3 Kf4 59.
Nh2 g5 1/2-1/2

[Event "C.to Mondiale U16"]
[Site "Antalya TUR"]
[Date "2009.11.22"]
[Round "11"]
[White "Testa, Adriano"]
[Black "Ponomarenko, Alexandr"]
[Result "1/2-1/2"]
[WhiteElo "2175"]
[BlackElo "2062"]
[PlyCount "92"]
[EventDate "2009.11.12"]

1. e4 e5 2. Nf3 Nc6 3. Bc4 Bc5 4. O-O Nf6 5. d3 O-O 6. h3 d6 7. c3 h6 8. Nbd2
Re8 9. Re1 a6 10. Bb3 Be6 11. Nh2 Nh7 12. Ndf1 Bxb3 13. axb3 Nf8 14. Ne3 Ng6
15. g3 Bxe3 16. Bxe3 d5 17. Nf3 d4 18. cxd4 exd4 19. Bd2 Qe7 20. Nh2 Nge5 21.
Qc2 Nd7 22. f4 Nb4 23. Bxb4 Qxb4 24. Rec1 b6 25. Ra4 Qb5 26. Rxd4 Nc5 27. b4
Ne6 28. Rc4 Qh5 29. Kg2 b5 30. Rc3 Nd4 31. Qd1 Qe2+ 32. Qxe2 Nxe2 33. Ra1 Nxc3
34. bxc3 Rad8 35. d4 Rxe4 36. Kf3 f5 37. Ng4 Rexd4 38. Nxh6+ gxh6 39. cxd4 Rxd4
40. Rxa6 Rxb4 41. Rc6 Rc4 42. Rxc4 bxc4 43. Ke3 Kf7 44. Kd4 Ke6 45. Kxc4 Kd6
46. g4 Ke6 1/2-1/2

[Event "C.to Mondiale U16 femminile"]
[Site "Antalya TUR"]
[Date "2009.11.12"]
[Round "1"]
[White "Hakimifard, Ghazal"]
[Black "Casolino, Rosamaria"]
[Result "1-0"]
[WhiteElo "2124"]
[BlackElo "1761"]
[PlyCount "42"]
[EventDate "2009.11.12"]

1. e4 c5 2. Nf3 d6 3. d4 cxd4 4. Nxd4 Nf6 5. Nc3 a6 6. Be3 e5 7. Nb3 Nbd7 8. f3
b5 9. a4 b4 10. Nd5 Bb7 11. Nxb4 Nxe4 12. fxe4 Qh4+ 13. Kd2 Qxe4 14. Nd3 Qg6
15. Qe1 f5 16. Rd1 Be7 17. Kc1 Rc8 18. Kb1 f4 19. Bf2 O-O 20. Qb4 Ba8 21. Qe1
Rb8 1-0

[Event "C.to Mondiale U16 femminile"]
[Site "Antalya TUR"]
[Date "2009.11.13"]
[Round "2"]
[White "Revo, Tatiana"]
[Black "Casolino, Rosamaria"]
[Result "1-0"]
[WhiteElo "1963"]
[BlackElo "1761"]
[PlyCount "65"]
[EventDate "2009.11.12"]

1. e4 c5 2. Nf3 d6 3. d4 cxd4 4. Nxd4 Nf6 5. Nc3 a6 6. Be3 e5 7. Nb3 Be6 8. f3
Be7 9. Qd2 Nbd7 10. O-O-O b5 11. g4 Nb6 12. Qf2 Nfd7 13. Kb1 Qc7 14. Nd5 Bxd5
15. exd5 Nc4 16. Bc1 a5 17. h4 a4 18. Nd2 O-O 19. Ne4 Rfb8 20. c3 b4 21. Bxc4
Qxc4 22. cxb4 Qxb4 23. Qd2 Qb7 24. g5 Nb6 25. Rh2 Nc4 26. Qd3 Qb5 27. Rg2 g6
28. h5 Ra7 29. Nf6+ Bxf6 30. gxf6 e4 31. fxe4 Ne5 32. Qe3 Kh8 33. Qxa7 1-0

[Event "C.to Mondiale U16 femminile"]
[Site "Antalya TUR"]
[Date "2009.11.16"]
[Round "5"]
[White "Casolino, Rosamaria"]
[Black "Wunderl, Eva"]
[Result "1-0"]
[WhiteElo "1761"]
[BlackElo "1821"]
[PlyCount "97"]
[EventDate "2009.11.12"]

1. e4 e5 2. Nf3 Nc6 3. Bb5 a6 4. Ba4 Nf6 5. O-O Be7 6. Re1 b5 7. Bb3 d6 8. h3
O-O 9. c3 Na5 10. Bc2 c5 11. d4 Qc7 12. Nbd2 cxd4 13. cxd4 Rd8 14. b3 Nc6 15.
Bb2 Bb7 16. Rc1 a5 17. Nf1 Qb6 18. Ne3 Rac8 19. Nf5 Bf8 20. a3 b4 21. a4 g6 22.
Ne3 Ba6 23. g4 Bg7 24. d5 Nb8 25. h4 h5 26. Nd2 Nbd7 27. g5 Ne8 28. Ndc4 Qc7
29. Rf1 Nc5 30. Ba1 Bxc4 31. Nxc4 Nxa4 32. Nxa5 Nc5 33. Nc6 Rd7 34. Nxb4 Qb6
35. Nc6 Rb7 36. Bc3 Ra8 37. b4 Na6 38. Ra1 Nec7 39. Bd3 Nb5 40. Bd2 Rc8 41. Be3
Nc5 42. bxc5 dxc5 43. Bxb5 Qxb5 44. Na7 Qc4 45. Nxc8 Bf8 46. Ra4 Rb4 47. Rxb4
cxb4 48. Qf3 Qxc8 49. Rc1 1-0

[Event "C.to Mondiale U16 femminile"]
[Site "Antalya TUR"]
[Date "2009.11.16"]
[Round "6"]
[White "Casolino, Rosamaria"]
[Black "Soylemez, Cansu"]
[Result "1-0"]
[WhiteElo "1761"]
[BlackElo "1913"]
[PlyCount "63"]
[EventDate "2009.11.12"]

1. e4 c5 2. Nf3 Nc6 3. d4 cxd4 4. Nxd4 Nf6 5. Nc3 e5 6. Ndb5 d6 7. Nd5 Nxd5 8.
exd5 Nb8 9. c4 a6 10. Nc3 Be7 11. Be2 O-O 12. O-O f5 13. f3 Nd7 14. Kh1 Bg5 15.
b4 b6 16. Na4 Qf6 17. Qc2 Qh6 18. Bxg5 Qxg5 19. c5 bxc5 20. bxc5 dxc5 21. Nxc5
Nxc5 22. Qxc5 Rf6 23. d6 Rg6 24. Qd5+ Kh8 25. f4 Qxg2+ 26. Qxg2 Rxg2 27. Kxg2
Bb7+ 28. Kg3 e4 29. Rfd1 Rd8 30. Rac1 h6 31. Rc7 Ba8 32. d7 1-0

[Event "C.to Mondiale U16 femminile"]
[Site "Antalya TUR"]
[Date "2009.11.18"]
[Round "7"]
[White "Ostrowska, Dominika"]
[Black "Casolino, Rosamaria"]
[Result "1-0"]
[WhiteElo "1938"]
[BlackElo "1761"]
[PlyCount "45"]
[EventDate "2009.11.12"]

1. e4 c5 2. Nf3 d6 3. d4 cxd4 4. Nxd4 Nf6 5. Nc3 a6 6. h3 e5 7. Nde2 b5 8. g4
Bb7 9. Bg2 b4 10. Nd5 Nxd5 11. exd5 Be7 12. Ng3 g6 13. O-O Bh4 14. Ne4 Be7 15.
Bh6 Nd7 16. Qd2 a5 17. Bg7 Rg8 18. Bh6 Nf6 19. Nxf6+ Bxf6 20. f4 Bg7 21. Bxg7
Rxg7 22. fxe5 dxe5 23. Qh6 1-0

[Event "C.to Mondiale U16 femminile"]
[Site "Antalya TUR"]
[Date "2009.11.19"]
[Round "8"]
[White "Casolino, Rosamaria"]
[Black "Jorayewa, Govher"]
[Result "1/2-1/2"]
[WhiteElo "1761"]
[BlackElo "1950"]
[PlyCount "103"]
[EventDate "2009.11.12"]

1. e4 c5 2. Nf3 d6 3. d4 cxd4 4. Nxd4 Nf6 5. Nc3 g6 6. Be2 Bg7 7. O-O O-O 8.
Be3 Nc6 9. Kh1 Bd7 10. f4 a6 11. a4 Rc8 12. Bf3 Qc7 13. Nxc6 Bxc6 14. Qe1 Rfd8
15. a5 Nd7 16. Bd2 Bb5 17. Be2 Bxe2 18. Qxe2 Qc4 19. Qf3 e6 20. Rae1 Qb4 21.
Rb1 Qxa5 22. Qf2 Qc5 23. Qg3 f5 24. Rbe1 Re8 25. Re2 Re7 26. Rfe1 Rce8 27. Qd3
Bxc3 28. Bxc3 Rf7 29. Qh3 h5 30. Qd3 Nf6 31. Bxf6 Rxf6 32. e5 dxe5 33. Rxe5 Qc6
34. Qd4 Rf7 35. Rc5 Qd7 36. Qe3 Rd8 37. Re5 Qd6 38. Qb3 Rdd7 39. h3 Qc6 40. Qe3
Rd6 41. Rc5 Qb6 42. b3 Qb4 43. Rc4 Qd2 44. Rc3 Qxe3 45. Rcxe3 h4 46. c3 Rd2 47.
Kg1 Rd6 48. R1e2 Rf6 49. Re5 Rd5 50. R5e3 e5 51. Rxe5 Rxe5 52. fxe5 1/2-1/2

[Event "C.to Mondiale U16 femminile"]
[Site "Antalya TUR"]
[Date "2009.11.20"]
[Round "9"]
[White "Robinson, Darrian"]
[Black "Casolino, Rosamaria"]
[Result "1-0"]
[WhiteElo "1931"]
[BlackElo "1761"]
[PlyCount "73"]
[EventDate "2009.11.12"]

1. e4 c5 2. Nc3 d6 3. g3 Nc6 4. Bg2 g6 5. d3 Bg7 6. Be3 Rb8 7. Nge2 Nd4 8. h3
b5 9. Qd2 Qa5 10. f4 Nxe2 11. Qxe2 b4 12. Nd1 Qb5 13. Kf2 e6 14. Re1 Ne7 15.
Kg1 O-O 16. Qf2 Re8 17. g4 Bd7 18. Kh1 Kh8 19. e5 Nd5 20. Bd2 Qb6 21. Ne3 Nxe3
22. Bxe3 Rbc8 23. d4 Red8 24. dxc5 dxc5 25. Kh2 f6 26. Bd2 Qc7 27. Qe2 Rb8 28.
c4 Rf8 29. b3 Rbd8 30. Rad1 Qa5 31. Bc1 Bc8 32. Bb2 Qc7 33. exf6 Bxf6 34. Bxf6+
Rxf6 35. Qe5 Qe7 36. Rxd8+ Qxd8 37. g5 1-0

[Event "C.to Mondiale U16 femminile"]
[Site "Antalya TUR"]
[Date "2009.11.21"]
[Round "10"]
[White "Afshar, Niusha"]
[Black "Casolino, Rosamaria"]
[Result "1-0"]
[WhiteElo "1837"]
[BlackElo "1761"]
[PlyCount "51"]
[EventDate "2009.11.12"]

1. d4 Nf6 2. Nf3 d5 3. e3 Bg4 4. h3 Bh5 5. g4 Bg6 6. Ne5 Nfd7 7. Nxg6 hxg6 8.
c4 e6 9. Qb3 Qc8 10. cxd5 exd5 11. Qxd5 Nf6 12. Qf3 c6 13. Bc4 Qc7 14. Nc3 Bb4
15. Bd2 Qe7 16. a3 Bd6 17. O-O-O Nbd7 18. e4 Nh7 19. e5 Bc7 20. Ne4 O-O 21. Bb4
c5 22. Nxc5 a5 23. Nxd7 axb4 24. Nxf8 Nxf8 25. Rd3 Ba5 26. Kb1 1-0

[Event "C.to Mondiale U16 femminile"]
[Site "Antalya TUR"]
[Date "2009.11.22"]
[Round "11"]
[White "Casolino, Rosamaria"]
[Black "Morgaenko, Ekaterina"]
[Result "1/2-1/2"]
[WhiteElo "1761"]
[BlackElo "1862"]
[PlyCount "58"]
[EventDate "2009.11.12"]

1. e4 c6 2. d4 d5 3. exd5 cxd5 4. Bd3 Nf6 5. c3 Bg4 6. Qb3 Qc7 7. Ne2 Bxe2 8.
Bxe2 e6 9. Nd2 Bd6 10. Nf3 O-O 11. h3 Re8 12. Be3 Nc6 13. O-O Rac8 14. Rfe1 Qe7
15. Bd3 Bb8 16. a3 Qc7 17. Bb5 Ne4 18. Qc2 a6 19. Bxc6 bxc6 20. Qd3 Qb7 21.
Rab1 f6 22. Nd2 Nxd2 23. Qxd2 e5 24. g3 Qd7 25. Kg2 Qf5 26. Qe2 e4 27. Qg4 Qxg4
28. hxg4 Bd6 29. b4 Kf7 1/2-1/2

[Event "C.to Mondiale U18"]
[Site "Antalya TUR"]
[Date "2009.11.12"]
[Round "1"]
[White "De Filomeno, Simone"]
[Black "Nabaty, Tamir"]
[Result "0-1"]
[WhiteElo "2234"]
[BlackElo "2508"]
[PlyCount "64"]
[EventDate "2009.11.12"]

1. e4 e6 2. d4 d5 3. Nc3 Bb4 4. e5 Ne7 5. Qg4 c5 6. a3 Qa5 7. axb4 Qxa1 8. Kd1
cxd4 9. Nb5 O-O 10. Nc7 Na6 11. Nxa6 bxa6 12. Nf3 Bd7 13. Bd3 Nf5 14. Bxf5 exf5
15. Qxd4 a5 16. bxa5 Rac8 17. Qd2 d4 18. Nxd4 Rfd8 19. c3 Qxa5 20. f4 Bb5 21.
Ke1 Rc4 22. Kf2 Bc6 23. Qd3 Rdxd4 24. cxd4 Qd5 25. Rg1 Rxd4 26. Qe2 Qc5 27. Kg3
Bb5 28. Qe1 Rd3+ 29. Kh4 Qe7+ 30. Kh5 g6+ 31. Kh6 Qf8+ 32. Kg5 h6+ 0-1

[Event "C.to Mondiale U18"]
[Site "Antalya TUR"]
[Date "2009.11.13"]
[Round "2"]
[White "Janev, Pavel"]
[Black "De Filomeno, Simone"]
[Result "1-0"]
[WhiteElo "1990"]
[BlackElo "2234"]
[PlyCount "84"]
[EventDate "2009.11.12"]

1. e4 c5 2. Nf3 d6 3. d4 cxd4 4. Nxd4 Nf6 5. Nc3 a6 6. Bc4 e6 7. Bb3 b5 8. O-O
Bb7 9. f4 Be7 10. e5 dxe5 11. fxe5 Bc5 12. Be3 Nc6 13. exf6 Bxd4 14. Qe2 Bxe3+
15. Qxe3 Qd4 16. Rae1 gxf6 17. Nd5 O-O-O 18. Nxf6 Na5 19. Qxd4 Rxd4 20. c3 Rd2
21. Rf2 Nxb3 22. axb3 Rxf2 23. Kxf2 Kc7 24. g4 Kd6 25. Rd1+ Ke7 26. g5 Bc6 27.
Ng4 Bd5 28. b4 Kd6 29. Kg3 Ra8 30. Rf1 Ra7 31. h4 Be4 32. Kf4 Bg6 33. Rd1+ Ke7
34. Nf6 Rc7 35. Ke5 a5 36. bxa5 Rc5+ 37. Kd4 Rc4+ 38. Ke3 Rxh4 39. Rd7+ Kf8 40.
a6 Rh3+ 41. Kf2 Bh5 42. Kg2 Re3 1-0

[Event "C.to Mondiale U18"]
[Site "Antalya TUR"]
[Date "2009.11.14"]
[Round "3"]
[White "De Filomeno, Simone"]
[Black "Rasovic, Uros"]
[Result "1-0"]
[WhiteElo "2234"]
[BlackElo "1918"]
[PlyCount "77"]
[EventDate "2009.11.12"]

1. e4 c5 2. Nf3 d6 3. d4 cxd4 4. Nxd4 Nf6 5. Nc3 a6 6. Bg5 e6 7. f4 Nbd7 8. Qf3
Qc7 9. O-O-O Be7 10. g4 h6 11. Bxf6 Bxf6 12. h4 g5 13. hxg5 hxg5 14. Rxh8+ Bxh8
15. f5 Ne5 16. Qh3 Bf6 17. Qh5 Kd8 18. Qh7 Qe7 19. fxe6 fxe6 20. Qg8+ Qe8 21.
Nxe6+ Bxe6 22. Rxd6+ Kc7 23. Qxe6 Qxe6 24. Rxe6 Nxg4 25. Nd5+ Kd7 26. Rxf6 Nxf6
27. Nb6+ Ke6 28. Nxa8 Nxe4 29. Kd1 Ke5 30. Nb6 Kd4 31. Bg2 Nd6 32. Ke2 Kc5 33.
Nd7+ Kd4 34. c3+ Kc4 35. Kd2 a5 36. b3+ Kb5 37. a4+ Ka6 38. Nc5+ Ka7 39. Nxb7
1-0

[Event "C.to Mondiale U18"]
[Site "Antalya TUR"]
[Date "2009.11.15"]
[Round "4"]
[White "Hesham, Abdelrahman"]
[Black "De Filomeno, Simone"]
[Result "0-1"]
[WhiteElo "2153"]
[BlackElo "2234"]
[PlyCount "56"]
[EventDate "2009.11.12"]

1. d4 d5 2. c4 e6 3. Nc3 c6 4. e3 Bd6 5. Bd3 f5 6. Nge2 Nf6 7. O-O O-O 8. f3
Qc7 9. g3 dxc4 10. Bxc4 b5 11. Bb3 Kh8 12. e4 e5 13. Bg5 exd4 14. Qxd4 Nbd7 15.
Kg2 b4 16. Na4 Ba6 17. Rf2 c5 18. Qe3 fxe4 19. Kg1 exf3 20. Nf4 Ng4 21. Qe6
Nxf2 22. Kxf2 Bxf4 23. Bxf4 Rxf4 24. gxf4 Qxf4 25. Qxd7 Qxh2+ 26. Kxf3 Rf8+ 27.
Ke4 Qe2+ 28. Kd5 Qd3+ 0-1

[Event "C.to Mondiale U18"]
[Site "Antalya TUR"]
[Date "2009.11.16"]
[Round "5"]
[White "De Filomeno, Simone"]
[Black "Arenas Vanegas, David"]
[Result "0-1"]
[WhiteElo "2234"]
[BlackElo "2311"]
[PlyCount "160"]
[EventDate "2009.11.12"]

1. e4 c5 2. c3 Nf6 3. e5 Nd5 4. d4 cxd4 5. cxd4 d6 6. Nf3 Nc6 7. Bc4 Nb6 8. Bb5
dxe5 9. Nxe5 Bd7 10. Nxd7 Qxd7 11. Nc3 e6 12. O-O Be7 13. Qg4 O-O 14. Bxc6 bxc6
15. Bh6 Bf6 16. Rfd1 Kh8 17. Ne4 Qe7 18. Bg5 Bxg5 19. Qxg5 Qxg5 20. Nxg5 Kg8
21. Rac1 Rac8 22. Rd2 Rfd8 23. Nf3 Nd5 24. Rc4 f6 25. Kf1 Kf7 26. Rdc2 Rd6 27.
Ra4 Rc7 28. g3 Nb6 29. Ra6 g5 30. g4 h5 31. h3 h4 32. Kg2 Ke7 33. b4 Rb7 34.
Rc5 Kd7 35. Rca5 Nc8 36. a3 Rb6 37. Ra4 Rd5 38. R6a5 Rbb5 39. Rxb5 cxb5 40. Ra6
Rd6 41. Ra5 Kc6 42. Nd2 Rxd4 43. Nb3 Rd6 44. Nc5 f5 45. gxf5 exf5 46. a4 bxa4
47. Nxa4 Rd5 48. Nc5 g4 49. Ra1 Kb5 50. hxg4 fxg4 51. Ne4 Kxb4 52. Rb1+ Ka5 53.
Nf6 Rg5 54. Ra1+ Kb5 55. Rb1+ Kc6 56. Rc1+ Kb7 57. Rh1 Rg6 58. Nd7 Kc7 59. Ne5
Rg5 60. Rc1+ Kb7 61. Nf7 Rg8 62. Nh6 Rg6 63. Nf5 h3+ 64. Kg3 Nd6 65. Nxd6+ Rxd6
66. Kxg4 h2 67. Rh1 Rh6 68. Kg5 Rh3 69. f4 Kc7 70. Kf6 Kd7 71. f5 a5 72. Kf7 a4
73. f6 a3 74. Rd1+ Kc6 75. Rh1 a2 76. Ke7 Re3+ 77. Kd8 Ra3 78. f7 a1=Q 79. f8=Q
Ra8+ 80. Ke7 Qe5+ 0-1

[Event "C.to Mondiale U18"]
[Site "Antalya TUR"]
[Date "2009.11.16"]
[Round "6"]
[White "Tasdelen, Deniz Murat"]
[Black "De Filomeno, Simone"]
[Result "1/2-1/2"]
[WhiteElo "2058"]
[BlackElo "2234"]
[PlyCount "64"]
[EventDate "2009.11.12"]

1. e4 c5 2. Nf3 Nc6 3. Bb5 e6 4. O-O Nge7 5. c3 a6 6. Ba4 b5 7. Bc2 Bb7 8. Re1
Ng6 9. d4 Qc7 10. h4 cxd4 11. cxd4 Nb4 12. Bb3 d5 13. Nc3 dxe4 14. Nxe4 Be7 15.
a3 Nd5 16. Bg5 Bxg5 17. Nfxg5 h6 18. Nxe6 fxe6 19. Qg4 Nf8 20. Rad1 Qe7 21. Nc5
h5 22. Qf3 Rd8 23. Re5 Rh6 24. Rde1 Rf6 25. Qxh5+ g6 26. Qh8 Kf7 27. Ne4 Rd6
28. g3 Rf5 29. Rxf5+ gxf5 30. Qh5+ Kg7 31. Nxd6 Qxd6 32. Qg5+ Kf7 1/2-1/2

[Event "C.to Mondiale U18"]
[Site "Antalya TUR"]
[Date "2009.11.18"]
[Round "7"]
[White "Rumjantsev, Jevgeni"]
[Black "De Filomeno, Simone"]
[Result "0-1"]
[WhiteElo "2041"]
[BlackElo "2234"]
[PlyCount "96"]
[EventDate "2009.11.12"]

1. e4 g6 2. d4 Bg7 3. c4 d6 4. Nc3 Nf6 5. f3 O-O 6. Be3 a6 7. Nge2 c6 8. a4 a5
9. Ng3 Na6 10. Be2 Nb4 11. O-O e5 12. d5 cxd5 13. cxd5 h5 14. Na2 Nxa2 15. Rxa2
h4 16. Nh1 Nh5 17. Nf2 Nf4 18. Nd3 Qg5 19. Nxf4 exf4 20. Bd4 h3 21. Rf2 Bxd4
22. Qxd4 hxg2 23. Rxg2 Qh4 24. Bf1 Bh3 25. Rf2 Rac8 26. Bxh3 Qxh3 27. Ra1 Qh4
28. Qd2 Rc5 29. Rc1 Rfc8 30. Rff1 Qf6 31. Kh1 Rc4 32. Rfe1 Qh4 33. Kg1 Qg5+ 34.
Kh1 Qh5 35. Kg2 Qe5 36. Kh1 b6 37. Rf1 R8c5 38. Rxc4 Rxc4 39. Qf2 Rb4 40. Rb1
Rxe4 41. Rc1 Re2 42. Qh4 Kg7 43. b3 Rb2 44. Re1 Qxd5 45. Qxf4 Rf2 46. Qe4 Qd2
47. f4 Rxh2+ 48. Kg1 Qf2# 0-1

[Event "C.to Mondiale U18"]
[Site "Antalya TUR"]
[Date "2009.11.19"]
[Round "8"]
[White "De Filomeno, Simone"]
[Black "Stankovic, Milos"]
[Result "1-0"]
[WhiteElo "2234"]
[BlackElo "2379"]
[PlyCount "95"]
[EventDate "2009.11.12"]

1. e4 c5 2. Nf3 d6 3. d4 cxd4 4. Nxd4 Nf6 5. Nc3 a6 6. Be2 e5 7. Nb3 Be7 8. Be3
O-O 9. O-O Nbd7 10. a4 b6 11. Nd5 Nxd5 12. exd5 Bb7 13. c4 Bg5 14. Qd2 Bxe3 15.
Qxe3 a5 16. f4 Qf6 17. Bg4 Nc5 18. Nxc5 bxc5 19. Rae1 exf4 20. Rxf4 Qg5 21. Be6
h6 22. h4 Qh5 23. Bg4 Qg6 24. Bf5 Qh5 25. Qe7 g5 26. hxg5 Rfe8 27. Qxe8+ Rxe8
28. Rxe8+ Kg7 29. gxh6+ Qxh6 30. g3 Ba6 31. Re7 Qf6 32. Ra7 Bxc4 33. Bc2 Qxb2
34. Raxf7+ Kg8 35. Bh7+ Kh8 36. Rxc4 Qb3 37. Rcf4 Qxg3+ 38. Kf1 Qh3+ 39. Ke2
Qh2+ 40. Kf3 Qh5+ 41. Ke3 Qh3+ 42. Kd2 Qg2+ 43. Kc3 Qh3+ 44. Bd3 Qe3 45. Rf8+
Kg7 46. R4f7+ Kh6 47. Rh8+ Kg5 48. Rg8+ 1-0